Sesame Street music player storybook: (Record no. 8134)

MARC details
000 -LEADER
fixed length control field 01368nam a22002417a 4500
001 - CONTROL NUMBER
control field 8134
003 - CONTROL NUMBER IDENTIFIER
control field FISKH
005 - DATE AND TIME OF LATEST TRANSACTION
control field 20250827151828.0
008 - FIXED-LENGTH DATA ELEMENTS--GENERAL INFORMATION
fixed length control field 250827b cb ||||| |||| 00| 0 eng d
020 ## - INTERNATIONAL STANDARD BOOK NUMBER
International Standard Book Number 9780794419691
040 ## - CATALOGING SOURCE
Original cataloging agency FISKH
Language of cataloging eng
Transcribing agency FISKH
Modifying agency FISKH
050 ## - LIBRARY OF CONGRESS CALL NUMBER
Classification number M1997
082 ## - DEWEY DECIMAL CLASSIFICATION NUMBER
Classification number 782.42164
100 ## - MAIN ENTRY--PERSONAL NAME
Personal name McDoogle, Farrah
245 ## - TITLE STATEMENT
Title Sesame Street music player storybook:
Remainder of title Collector's edition /
Statement of responsibility, etc. stories written by Farrah McDoogle ; illustrations by Tom Brannon
260 ## - PUBLICATION, DISTRIBUTION, ETC.
Place of publication, distribution, etc. New York :
Name of publisher, distributor, etc. Digest Children's Books,
Date of publication, distribution, etc. 2007.
300 ## - PHYSICAL DESCRIPTION
Extent 38 pages :
Other physical details color illustrations ;
Dimensions 32 cm
520 ## - SUMMARY, ETC.
Summary, etc. This best-selling title has a refreshed cover to celebrate Sesame Street's 45th anniversary. Celebrate Sesame Street's 45th anniversary with this special-edition Music Player Storybook. Inside, preschoolers will find a delightful mix of stories, lyrics, and popular beloved kids' tunes. Featured on the four play CDs are favorite instrumental songs from the TV show ("Rubber Duckie," "C Is for Cookie," "Sesame Street Theme," and "People in Your Neighborhood") plus 20 popular kids' songs. With fun instrumental tunes like "The Muffin Man" and "Five Little Ducks," this deluxe set will keep kids singing and dancing for hours!
650 ## - SUBJECT ADDED ENTRY--TOPICAL TERM
Topical term or geographic name entry element Sesame Street
Form subdivision Interactive
700 ## - ADDED ENTRY--PERSONAL NAME
Personal name Brannon, Tom
Relator term illustrator
942 ## - ADDED ENTRY ELEMENTS (KOHA)
Source of classification or shelving scheme Dewey Decimal Classification
Koha item type Books
Suppress in OPAC No
Holdings
Withdrawn status Lost status Source of classification or shelving scheme Damaged status Not for loan Collection Home library Current library Shelving location Date acquired Total Checkouts Full call number Barcode Date last seen Copy number Price effective from Koha item type
    Dewey Decimal Classification     Juvenile Fiction Footprints International School Library Network Toul Kork Campus Footprints International School Library Network Toul Kork Campus Librarian's Shelf TK 08/27/2025   MCD 782.42164 M1997 2025-4291 08/27/2025 1 08/27/2025 Books